000
00208nam a22000857a 4500
008
161111b xxu||||| |||| 00| 0 eng d
100
_9
1139
_a
Dutta. S
245
_a
Ancient Stories
260
_a
New Delhi
_b
NCERT
_c
1999
999
_c
3799
_d
3799